| 000 | 03064cam a22003734a 4500 | ||
|---|---|---|---|
| 999 |
_c532056 _d532056 |
||
| 001 | 14418977 | ||
| 003 | NUST | ||
| 005 | 20191107114101.0 | ||
| 008 | 060619s2006 enkab 001 0 eng | ||
| 010 | _a 2006020115 | ||
| 020 | _a1844073157 (hardback) | ||
| 020 | _a9781844073153 (hardback) | ||
| 020 | _a1844073165 (pbk.) | ||
| 020 | _a9781844073160 (pbk.) | ||
| 038 | _aMSOHAIL | ||
| 040 |
_aDLC _cDLC _dDLC |
||
| 043 | _ad------ | ||
| 050 | 0 | 0 |
_aHT149.5 _b.E27 2006 |
| 082 | 0 | 0 |
_a307.76091724 _222 |
| 245 | 0 | 4 |
_aThe Earthscan reader in rural-urban linkages / _cedited by Cecilia Tacoli. |
| 260 |
_aLondon ; _aSterling, VA : _bEarthscan, _c2006. |
||
| 300 |
_axx, 329 p. : _bill., maps ; _c24 cm. |
||
| 500 | _aIncludes index. | ||
| 505 | 0 | _aSmall urban centres and large villages : the habitat for much of the world's low-income population / David Satterthwaite -- Survival and accumulation strategies at the rural-urban interface in North-West Tanzania / Jonathan Baker -- Changing rural-urban Linkages in Mali, Nigeria and Tanzania / Mahmoud Bah ... [et al.]. -- Evolving rural-urban relations and livelihoods /Jonathan Rigg -- Transitions in Sub-Saharan Africa : agriculture, urbanization and income growth / Mary Tiffen -- A regional network strategy for reciprocal rural-urban linkages : an agenda for policy research with reference to Indonesia / Mike Douglass -- The role of small and intermediate urban centres in regional and rural development : assumptions and evidence / David Satterthwaite and Cecilia Tacoli -- The small town and urban context / Richard Kirkby, Ian Bradbury and Guanbao Shen -- Environmental perceptions, social class and demographic change in Mexico City : a comparative approach / Haydea Izazola, Carolina Martínez and Catherine Marquette -- Improved livelihoods in improved watersheds : can migration be mitigated? / Priya Deshingkar -- Taking advantage of rural assets as a coping strategy for the urban poor : the case of rural-urban interrelations in Botswana / Fred Krüger -- Urban agriculture in the metropolitan zone of Mexico City : changes over time in urban, suburban and peri-urban areas / H. Losada ... [et al.]. -- The politics of urban-rural relations : land use conversion in the Philippines / Philip F. Kelly -- Ecological footprints and appropriated carrying capacity : what urban economics leaves out / William E. Rees -- An overview of urban environmental burdens at three scales : intra-urban, urban-regional and global / Gordon McGranahan. | |
| 650 | 0 |
_aUrbanization _zDeveloping countries. _925337 |
|
| 650 | 0 |
_aCities and towns _zDeveloping countries _925338 |
|
| 651 | 0 |
_aDeveloping countries _xPopulation. _925339 |
|
| 700 | 1 |
_aTacoli, Cecilia, _d1958- _925340 |
|
| 710 | 2 |
_aEarthscan. _925341 |
|
| 856 | 4 | 1 |
_3Table of contents only _uhttp://www.loc.gov/catdir/toc/ecip0616/2006020115.html |
| 906 |
_a7 _bcbc _corignew _d1 _eecip _f20 _gy-gencatlg |
||
| 942 |
_2ddc _cBK |
||